000 01346nam a22003737a 4500
001 189
003 FISKH
005 20230303095357.0
008 230303b cb ||||| |||| 00| 0 eng d
010 _a 2009052588
020 _a9780375864353 (trade hardcover)
020 _a9780375964350 (lib. ed.)
040 _aDLC
_cDLC
_dDLC
_dFISKH
_beng
042 _alcac
050 0 0 _aPZ8.3.G276
_bBhp 2011
082 0 0 _a813.54
_222
100 1 _aGeisel, Theodor Seuss
_cDr.
245 1 4 _aThe Bippolo Seed and other lost stories /
_cby Dr. Seuss ; introduction by Charles D. Cohen.
250 _a1st ed.
260 _aNew York
_bRandom House
_c2011.
300 _a69 p. :
_bcol. ill. ;
_c29 cm.
505 0 _aM
505 0 _aThe Bippolo Seed -- The rabbit, the bear, and the Zinniga-Zanniga -- Gustav the Goldfish -- Tadd and Todd -- Steak for supper -- The strange shirt spot -- The great Henry McBride.
520 _aPresents seven Dr. Seuss stories first published in magazines between 1948 and 1959, with an introduction and commentary on each.
521 8 _a590
_bLexile
521 8 _aH
_bRaz-Plus
521 8 _aAD
650 0 _aChildren's stories, American.
650 1 _aStories in rhyme.
650 1 _aShort stories.
700 1 _aCohen, Charles D.
906 _a7
_bcbc
_corignew
_d1
_eecip
_f20
_gy-gencatlg
942 _2ddc
_cBK
_n0
999 _c189
_d189